Diploma in Hospital Management (Record no. 69638)
[ view plain ]
| 000 -LEADER | |
|---|---|
| fixed length control field | 00306nam a2200121Ia 4500 |
| 008 - FIXED-LENGTH DATA ELEMENTS--GENERAL INFORMATION | |
| fixed length control field | 221007s9999 xx 000 0 und d |
| 041 ## - LANGUAGE CODE | |
| Language code of text/sound track or separate title | eng |
| 100 ## - MAIN ENTRY--PERSONAL NAME | |
| Personal name | University of Pune |
| 9 (RLIN) | 100174 |
| 245 ## - TITLE STATEMENT | |
| Title | Diploma in Hospital Management |
| 260 ## - PUBLICATION, DISTRIBUTION, ETC. (IMPRINT) | |
| Date of publication, distribution, etc. | 1993 |
| Name of publisher, distributor, etc. | Pune University |
| Place of publication, distribution, etc. | Pune |
| 300 ## - PHYSICAL DESCRIPTION | |
| Extent | 20p |
| 906 ## - LOCAL DATA ELEMENT F, LDF (RLIN) | |
| b | General |
| Withdrawn status | Lost status | Damaged status | Not for loan | Home library | Current library | Date acquired | Vendor | Total Checkouts | Barcode | Date last seen | Bill Date | Koha item type | Original Barcode | Cost, normal purchase price | Cost, replacement price |
|---|---|---|---|---|---|---|---|---|---|---|---|---|---|---|---|
| Smt. Hiraben Nanavati Institute of Management & Research for Women | Smt. Hiraben Nanavati Institute of Management & Research for Women | 21/09/2006 | Satya Gilani | HIMR-SY0025 | 07/10/2022 | 07/10/2022 | Syllabus | SY0025 | |||||||
| Smt. Hiraben Nanavati Institute of Management & Research for Women | Smt. Hiraben Nanavati Institute of Management & Research for Women | 01/01/1900 | Satya Gilani | HIMR-SY0024 | 07/10/2022 | 07/10/2022 | Syllabus | SY0024 | 20.00 | 20.00 |